| 000 | 00647nam a2200205 4500 | ||
|---|---|---|---|
| 001 | 109803 | ||
| 003 | ES-MaACL | ||
| 005 | 20250808015942.0 | ||
| 007 | t| | ||
| 008 | 061121s1968 sp r ||||1| spa d | ||
| 100 | 1 |
_aModlin, William. _981751 |
|
| 245 | 1 | 4 |
_aLos hermanos en la Iglesia / _c, por William Modlin [et al.]; Prólogo del Cardenal Laurence Shehan. |
| 260 |
_aSantander : _bSal Terrae, _c1968. |
||
| 300 |
_a187 p. ; _c22 cm. |
||
| 490 | 1 |
_aEspíritu y vida ; _v11 |
|
| 700 | 1 |
_aShehan, Laurence. _9106055 |
|
| 830 | 0 | 0 |
_aEspíritu y vida _v11 _9181679 |
| 852 |
_aES-MaACL _jC-48528 _bR.67263 |
||
| 999 |
_c109803 _d109803 |
||